A Novel Approach for Improving Power Quality and to Maintain Power Factor Using ANN Controller Technique in a Hybrid Energy Based System (Record no. 244600)

MARC details
000 -LEADER
fixed length control field 00475nam a2200157Ia 4500
008 - FIXED-LENGTH DATA ELEMENTS--GENERAL INFORMATION
fixed length control field 240823s9999||||xx |||||||||||||| ||und||
082 ## - DEWEY DECIMAL CLASSIFICATION NUMBER
-- 621.3126 R2
100 ## - MAIN ENTRY--PERSONAL NAME
Personal name "Bindhu,V.S"
245 #2 - TITLE STATEMENT
Title A Novel Approach for Improving Power Quality and to Maintain Power Factor Using ANN Controller Technique in a Hybrid Energy Based System
260 ## - PUBLICATION, DISTRIBUTION, ETC. (IMPRINT)
Date of publication, distribution, etc 2022
500 ## - GENERAL NOTE
General note YES
650 ## - SUBJECT ADDED ENTRY--TOPICAL TERM
Topical term or geographic name as entry element Power Quality
942 ## - ADDED ENTRY ELEMENTS (KOHA)
Item type Thesis
Holdings
Withdrawn status Lost status Damaged status Permanent location Current location Shelving location Date acquired Full call number Barcode Date last seen Koha item type
      CENTRAL LIBRARY, NOORUL ISLAM CENTRE FOR HIGHER EDUCATION CENTRAL LIBRARY, NOORUL ISLAM CENTRE FOR HIGHER EDUCATION   11/22/2022 621.3126 R2 TD314 08/23/2024 Thesis
Visitors:
Copyright © 2024 Central Library NICHE.  All rights reserved.